Estatísticas para matérias escolares em 20 segundos

Clique aqui para jogar o quiz

Estatísticas Gerais

  • Esse quiz foi jogado 821 vezes
  • A pontuação média é 5 de 8

Estatísticas das Respostas

Resposta% Correto
matematica
94%
portugues
91%
geografia
73%
historia
73%
ciencias
61%
ingles
52%
artes
31%
educacao fisica
27%

Distribuição das Pontuações

Percentil de Números Respondidos

Porcentagem de Pessoas com Cada Pontuação

Sua Pontuação Histórica

Você não jogou esse quiz